000 00531nam a2200217Ia 4500
003 OSt
005 20220928144542.0
006 a|||||r|||| 00| 0
007 ta
008 220927b |||||||| |||| 00| 0 eng d
024 _a71649
037 _cTextual
040 _aSDCL
_cSDCL
_beng
041 _2eng
_aeng
082 _aX.3'N7, L0
100 _aBagwell Philip S.
_9508222
245 0 _aBritain and America.
260 _c1970
942 _hX.3'N7, L0
_cTEXL
_2CC
999 _c827786
_d827786